[Event "Titled Tuesday intern op1 4th Febr"]
[Site "Chess.com INT"]
[Date "2020.02.04"]
[Round "4"]
[White "Heineccius, August"]
[Black "Todev, Simeon"]
[Result "1-0"]
[WhiteElo "2656"]
[BlackElo "2024"]
[PlyCount "91"]
[EventDate "2020.02.04"]
[EventType "swiss (blitz)"]
[EventRounds "10"]
[EventCountry "USA"]
[SourceTitle "EXT 2021"]
[Source "ChessBase"]
[SourceDate "2020.10.23"]
[SourceVersion "1"]
[SourceVersionDate "2020.10.23"]
[SourceQuality "1"]

1. d4 g6 2. Nf3 Bg7 3. c4 d6 4. Nc3 Nf6 5. e4 0-0 6. h3 e5 7. d5 Ne8 8. g4 c5 9. Be2 h6 10. Rg1 Nd7 11. h4 a6 12. a4 Qa5 13. Bd2 Qb6 14. a5 Qd8 15. Qc1 Kh7 16. Bd3 Rh8 17. Ne2 Kg8 18. Ng3 Qf6 19. Be2 Qe7 20. Ra3 Nf8 21. g5 h5 22. Rb3 Rb8 23. Nh2 Nd7 24. Nhf1 b6 25. axb6 Rxb6 26. Rxb6 Nxb6 27. Ne3 Qd7 28. b3 Bf8 29. Qa3 Ng7 30. Kd1 Be7 31. Kc2 Bd8 32. Ba5 Qc7 33. Rb1 Qd7 34. b4 cxb4 35. Qxb4 Na8 36. Bxd8 Qxd8 37. c5 dxc5 38. Qxc5 Kh7 39. Rb8 Qc7 40. Qxc7 Nxc7 41. Nc4 Nb5 42. Nxe5 Nd4+ 43. Kd3 Nxe2 44. Nxe2 a5 45. Kd4 a4 46. Ra8 1-0

[Event "Titled Tuesday intern op 7th Januar"]
[Site "Chess.com INT"]
[Date "2020.01.07"]
[Round "7"]
[White "Heineccius, August"]
[Black "Risting, Eivind Olav"]
[Result "1-0"]
[WhiteElo "2661"]
[BlackElo "2306"]
[PlyCount "157"]
[EventDate "2020.01.07"]
[EventType "swiss (blitz)"]
[EventRounds "10"]
[EventCountry "USA"]
[SourceTitle "EXT 2021"]
[Source "ChessBase"]
[SourceDate "2020.10.23"]
[SourceVersion "1"]
[SourceVersionDate "2020.10.23"]
[SourceQuality "1"]

1. d4 Nf6 2. c4 e6 3. Nc3 Bb4 4. g3 0-0 5. Bg2 d5 6. Nf3 dxc4 7. 0-0 Nc6 8. Qa4 Bd7 9. Ne5 a5 10. Nxc6 Bxc6 11. Bxc6 bxc6 12. Qxc6 Qxd4 13. Be3 Qe5 14. Qxc4 Bxc3 15. bxc3 Nd5 16. Bd4 Qe4 17. f3 Qg6 18. e4 Nf6 19. Qxc7 h5 20. Qf4 Rab8 21. Rab1 Rxb1 22. Rxb1 Nd7 23. Rb5 e5 24. Bxe5 Qc6 25. Rd5 Nxe5 26. Qxe5 h4 27. Kg2 hxg3 28. hxg3 a4 29. Qd4 Rc8 30. Ra5 Rb8 31. c4 Qh6 32. Rb5 Rxb5 33. cxb5 Qc1 34. b6 Qc2+ 35. Qf2 Qc6 36. g4 Qb5 37. Qd4 a3 38. Qd8+ Kh7 39. Qh4+ Kg8 40. Qd8+ Kh7 41. Kg3 Qe5+ 42. Kh3 Qb2 43. Qh4+ Kg8 44. Qd8+ Kh7 45. Qc7 Qxa2 46. b7 Qb3 47. b8Q Qxf3+ 48. Qg3 Qh1+ 49. Qh2 Qf3+ 50. Qbg3 Qxe4 51. g5 Qe6+ 52. Qg4 a2 53. Qxe6 a1Q 54. Qf5+ Kg8 55. Qc8+ Kh7 56. Qhc2+ g6 57. Qg4 Qh1+ 58. Qh2 Qd5 59. Kg3+ Kg8 60. Qf3 Qxg5+ 61. Qg4 Qe3+ 62. Qf3 Qg5+ 63. Qg4 Qe3+ 64. Kg2 Qd2+ 65. Kh3 Qh6+ 66. Qh4 Qe3+ 67. Q2g3 Qe6+ 68. Qhg4 Qc6 69. Q3f3 Qd6 70. Qgf4 Qe6+ 71. Kg3 Qa2 72. Qf2 Qb3+ 73. Q4f3 Qb8+ 74. Kg2 Qc7 75. Q2e3 Qd7 76. Qf6 Qg4+ 77. Kf2 Qd7 78. Qed4 Qh3 79. Qg7# 1-0

[Event "Titled Tuesday intern op 7th Januar"]
[Site "Chess.com INT"]
[Date "2020.01.07"]
[Round "9"]
[White "Heineccius, August"]
[Black "Yeletsky, Ivan"]
[Result "0-1"]
[WhiteElo "2659"]
[BlackElo "2448"]
[PlyCount "74"]
[EventDate "2020.01.07"]
[EventType "swiss (blitz)"]
[EventRounds "10"]
[EventCountry "USA"]
[SourceTitle "EXT 2021"]
[Source "ChessBase"]
[SourceDate "2020.10.23"]
[SourceVersion "1"]
[SourceVersionDate "2020.10.23"]
[SourceQuality "1"]

1. d4 Nf6 2. c4 e6 3. Nc3 Bb4 4. g3 Bxc3+ 5. bxc3 d6 6. Bg2 Nc6 7. Nf3 0-0 8. c5 dxc5 9. 0-0 cxd4 10. cxd4 h6 11. Ba3 Re8 12. Rc1 a5 13. Qb3 Ra7 14. Rfd1 Qd5 15. Qb2 Qd8 16. Bc5 Ra6 17. Nd2 Nb4 18. Nc4 b6 19. Bxb4 axb4 20. Ne5 Bd7 21. Rd2 Nd5 22. Bxd5 exd5 23. Qxb4 c5 24. Qb2 c4 25. e4 dxe4 26. Nxc4 Bh3 27. Ne3 Qf6 28. d5 Qf3 29. Qb5 Raa8 30. d6 Rac8 31. Rcd1 Rcd8 32. d7 Rf8 33. Qxb6 f5 34. Qb3+ Kh7 35. Qe6 Rf6 36. Qe5 f4 37. Qe7 fxe3 0-1

[Event "Titled Tuesday intern op 7th Januar"]
[Site "Chess.com INT"]
[Date "2020.01.07"]
[Round "1"]
[White "Vitenberg, Noam Aviv"]
[Black "Heineccius, August"]
[Result "1/2-1/2"]
[WhiteElo "2255"]
[BlackElo "2655"]
[PlyCount "161"]
[EventDate "2020.01.07"]
[EventType "swiss (blitz)"]
[EventRounds "10"]
[EventCountry "USA"]
[SourceTitle "EXT 2021"]
[Source "ChessBase"]
[SourceDate "2020.10.23"]
[SourceVersion "1"]
[SourceVersionDate "2020.10.23"]
[SourceQuality "1"]

1. e4 c5 2. Nc3 e6 3. f4 Nc6 4. Nf3 d5 5. Bb5 Nge7 6. 0-0 dxe4 7. Nxe4 a6 8. Be2 Nf5 9. d3 Be7 10. a4 0-0 11. Kh1 b6 12. c3 Bb7 13. Qc2 Qc7 14. Bd2 Rad8 15. Rae1 Rfe8 16. Nfg5 h6 17. Nf3 Nd6 18. Ng3 Bf8 19. Ne5 Nf5 20. Bh5 Nxe5 21. fxe5 g6 22. Nxf5 exf5 23. Bf3 Bxf3 24. gxf3 Qd7 25. Re3 h5 26. f4 Qd5+ 27. Kg1 Bh6 28. Rg3 Re6 29. c4 Qd4+ 30. Kg2 Kh7 31. Bc3 Qd7 32. b4 Qc6+ 33. Kg1 cxb4 34. Bxb4 Rd4 35. Bd2 Qd7 36. Bc3 Rxf4 37. d4 Rxd4 38. Bxd4 Qxd4+ 39. Kg2 Rxe5 40. Qd3 Qc5 41. Qd7 Re7 42. Qd5 Qc7 43. Rxf5 Rd7 44. Qf3 Qxc4 45. Rf6 Qc2+ 46. Kh3 Qc4 47. Rxb6 h4 48. Rg4 Qa2 49. Rxh4 Qc2 50. Rf6 Rd3 51. Rxf7+ Kg8 52. Rxh6 Rxf3+ 53. Rxf3 Qc8+ 54. Kg2 Qc2+ 55. Kh3 Kg7 56. Rh4 Qe2 57. Kg3 Qe1+ 58. Rf2 Qe3+ 59. Rf3 Qe1+ 60. Kh3 g5 61. Rg4 Kg6 62. Rfg3 Qf1+ 63. Rg2 Qf3+ 64. R2g3 Qf1+ 65. Rg2 Qf5 66. R2g3 Kh5 67. Kg2 Qc2+ 68. Kg1 Qd1+ 69. Kg2 Qe2+ 70. Kg1 Qe1+ 71. Kg2 Qe2+ 72. Kh3 Qf1+ 73. Rg2 Qf5 74. R2g3 Kh6 75. Kg2 Qc2+ 76. Kg1 Qd1+ 77. Kg2 Qe2+ 78. Kg1 Qe1+ 79. Kg2 Qe2+ 80. Kg1 Qe1+ 81. Kg2 1/2-1/2

[Event "Titled Tuesday intern op 3rd Jan"]
[Site "Chess.com INT"]
[Date "2019.12.03"]
[Round "5"]
[White "Heineccius, August"]
[Black "Boe, Mads"]
[Result "1-0"]
[WhiteElo "2647"]
[BlackElo "2267"]
[PlyCount "65"]
[EventDate "2019.12.03"]
[EventType "swiss (blitz)"]
[EventRounds "10"]
[EventCountry "USA"]
[SourceTitle "EXT 2021"]
[Source "ChessBase"]
[SourceDate "2020.10.23"]
[SourceVersion "1"]
[SourceVersionDate "2020.10.23"]
[SourceQuality "1"]

1. d4 f5 2. Nf3 Nf6 3. g3 e6 4. Bg2 Be7 5. 0-0 0-0 6. c4 d6 7. Nc3 Qe8 8. Qc2 Nc6 9. e4 fxe4 10. Nxe4 Qh5 11. Ned2 e5 12. dxe5 dxe5 13. c5 Kh8 14. Qc4 e4 15. Nxe4 Nxe4 16. Qxe4 Bxc5 17. Be3 Bb6 18. Bxb6 axb6 19. Rfe1 Bf5 20. Qh4 Qxh4 21. Nxh4 Bg6 22. Nxg6+ hxg6 23. a3 Rfe8 24. Rad1 Rxe1+ 25. Rxe1 Rd8 26. Bxc6 bxc6 27. Re7 Rc8 28. Kg2 c5 29. a4 Kg8 30. Kf3 Kf8 31. Rd7 c4 32. Rd4 Ke7 33. Rxc4 1-0

[Event "Titled Tuesday intern op 5th Nov"]
[Site "Chess.com INT"]
[Date "2019.11.05"]
[Round "8"]
[White "Heineccius, August"]
[Black "Gascon del Nogal, Jose Rafael"]
[Result "1-0"]
[WhiteElo "2598"]
[BlackElo "2475"]
[PlyCount "81"]
[EventDate "2019.11.05"]
[EventType "swiss (blitz)"]
[EventRounds "10"]
[EventCountry "USA"]
[SourceTitle "EXT 2021"]
[Source "ChessBase"]
[SourceDate "2020.10.23"]
[SourceVersion "1"]
[SourceVersionDate "2020.10.23"]
[SourceQuality "1"]

1. d4 Nf6 2. c4 b6 3. Nc3 Bb7 4. Qc2 d5 5. Nf3 dxc4 6. e4 e6 7. Bxc4 Bb4 8. Qa4+ Nc6 9. Bb5 Bxc3+ 10. bxc3 Qd7 11. Ne5 Nxe5 12. Bxd7+ Nexd7 13. f3 a6 14. Ba3 b5 15. Qb4 c5 16. dxc5 Ne5 17. Rd1 Bc6 18. Qa5 Rc8 19. Bc1 0-0 20. Bf4 Nc4 21. Qxa6 e5 22. Bg5 Nd7 23. Qa7 Ra8 24. Qc7 Rfc8 25. Rxd7 Rxc7 26. Rxc7 Be8 27. 0-0 f6 28. Bh4 Ra6 29. Rd1 Rc6 30. Rxc6 Bxc6 31. Rd8+ Kf7 32. Rc8 Bd7 33. Rc7 Ke6 34. c6 Be8 35. Bf2 Kd6 36. Rxg7 Bxc6 37. Rxh7 Nb2 38. Ra7 Nd1 39. Be1 Ne3 40. h4 Nc2 41. Bf2 1-0

[Event "Titled Tuesday intern op 5th Nov"]
[Site "Chess.com INT"]
[Date "2019.11.05"]
[Round "6"]
[White "Heineccius, August"]
[Black "Li, William"]
[Result "1-0"]
[WhiteElo "2598"]
[BlackElo "2191"]
[PlyCount "55"]
[EventDate "2019.11.05"]
[EventType "swiss (blitz)"]
[EventRounds "10"]
[EventCountry "USA"]
[SourceTitle "EXT 2021"]
[Source "ChessBase"]
[SourceDate "2020.10.23"]
[SourceVersion "1"]
[SourceVersionDate "2020.10.23"]
[SourceQuality "1"]

1. d4 Nf6 2. c4 e6 3. Nc3 Bb4 4. g3 c5 5. Nf3 cxd4 6. Nxd4 0-0 7. Bg2 a6 8. 0-0 Qc7 9. Qd3 Nc6 10. b3 d5 11. Nxc6 bxc6 12. Bg5 Be7 13. Rac1 Qa5 14. Bd2 Qa3 15. Qc2 a5 16. Na4 Ba6 17. Bf4 Bd6 18. Bxd6 Qxd6 19. Rfd1 Qb4 20. e4 dxe4 21. Bxe4 Nxe4 22. Qxe4 c5 23. Rd7 Rad8 24. Rcd1 Rxd7 25. Rxd7 Bb5 26. Rb7 Bxa4 27. Rxb4 Bc6 28. Qxc6 1-0

[Event "Titled Tuesday intern op 5th Nov"]
[Site "Chess.com INT"]
[Date "2019.11.05"]
[Round "2"]
[White "Heineccius, August"]
[Black "Pichot, Alan"]
[Result "0-1"]
[WhiteElo "2603"]
[BlackElo "2588"]
[PlyCount "142"]
[EventDate "2019.11.05"]
[EventType "swiss (blitz)"]
[EventRounds "10"]
[EventCountry "USA"]
[SourceTitle "EXT 2021"]
[Source "ChessBase"]
[SourceDate "2020.10.23"]
[SourceVersion "1"]
[SourceVersionDate "2020.10.23"]
[SourceQuality "1"]

1. d4 Nf6 2. c4 e6 3. Nc3 Bb4 4. g3 0-0 5. Bg2 d5 6. Nf3 b6 7. 0-0 Bb7 8. Qb3 a5 9. a3 Bxc3 10. Qxc3 dxc4 11. Qxc4 Bd5 12. Qc2 Be4 13. Qc3 Nbd7 14. Bf4 Nd5 15. Qd2 Nxf4 16. Qxf4 Nf6 17. Rac1 Rc8 18. Rfd1 Qd6 19. Ne5 Bxg2 20. Kxg2 Rfd8 21. Nc6 Qxf4 22. gxf4 Rd7 23. Rc2 Nd5 24. e3 f6 25. Rdc1 Kf7 26. Kf3 Ke8 27. Na7 Ra8 28. Nb5 Rc8 29. e4 Ne7 30. Nxc7+ Kf7 31. Nb5 Rxc2 32. Rxc2 h6 33. Ke3 f5 34. f3 Ke8 35. b4 axb4 36. axb4 Kd8 37. Ra2 Nc6 38. Ra8+ Ke7 39. e5 Nxb4 40. Nd6 Nd5+ 41. Kd2 Rd8 42. Ra7+ Kf8 43. Kd3 Nxf4+ 44. Kc4 Nd5 45. Kb5 Kg8 46. Kc6 Rf8 47. Kd7 Nf4 48. Rb7 g5 49. Rxb6 g4 50. fxg4 fxg4 51. Rb3 Kg7 52. Ne8+ Kg6 53. Nf6 h5 54. Ke7 Rf7+ 55. Ke8 Ra7 56. Kf8 Ra4 57. d5 exd5 58. Rb6 Kf5 59. Nd7 h4 60. Rf6+ Kg5 61. e6 Ra6 62. Kf7 Rxe6 63. Rxe6 Nxe6 64. Kxe6 Kf4 65. Nf6 d4 66. Nd5+ Kf3 67. Ke5 d3 68. Kd4 g3 69. hxg3 hxg3 70. Ne3 d2 71. Kd3 g2 0-1

[Event "Titled Tuesday intern op 5th Nov"]
[Site "Chess.com INT"]
[Date "2019.11.05"]
[Round "4"]
[White "Heineccius, August"]
[Black "Sergeev, Vitalij"]
[Result "1-0"]
[WhiteElo "2588"]
[BlackElo "2162"]
[PlyCount "51"]
[EventDate "2019.11.05"]
[EventType "swiss (blitz)"]
[EventRounds "10"]
[EventCountry "USA"]
[SourceTitle "EXT 2021"]
[Source "ChessBase"]
[SourceDate "2020.10.23"]
[SourceVersion "1"]
[SourceVersionDate "2020.10.23"]
[SourceQuality "1"]

1. d4 d5 2. c4 dxc4 3. e3 Nf6 4. Bxc4 e6 5. Nf3 c5 6. 0-0 a6 7. Bb3 Nc6 8. Nc3 b5 9. d5 exd5 10. a4 b4 11. Nxd5 Nxd5 12. Bxd5 Bb7 13. e4 Be7 14. Be3 0-0 15. Rc1 Qa5 16. Nd2 Rad8 17. Nb3 Qxa4 18. Nxc5 Qxd1 19. Rfxd1 Bxc5 20. Bxc5 Rfe8 21. Bb6 Rc8 22. Kf1 a5 23. Rc5 Ba6+ 24. Kg1 Red8 25. Bxd8 Nxd8 26. Bb7 1-0

[Event "Titled Tuesday intern op 5th Nov"]
[Site "Chess.com INT"]
[Date "2019.11.05"]
[Round "5"]
[White "Unuk, Laura"]
[Black "Heineccius, August"]
[Result "0-1"]
[WhiteElo "2298"]
[BlackElo "2594"]
[PlyCount "112"]
[EventDate "2019.11.05"]
[EventType "swiss (blitz)"]
[EventRounds "10"]
[EventCountry "USA"]
[SourceTitle "EXT 2021"]
[Source "ChessBase"]
[SourceDate "2020.10.23"]
[SourceVersion "1"]
[SourceVersionDate "2020.10.23"]
[SourceQuality "1"]

1. d4 Nf6 2. c4 e6 3. Nf3 Bb4+ 4. Bd2 a5 5. Nc3 d6 6. Qc2 Nbd7 7. e4 e5 8. a3 Bxc3 9. Bxc3 0-0 10. dxe5 Nxe5 11. Nxe5 dxe5 12. Bxe5 Re8 13. Rd1 Qe7 14. Bxf6 Qxf6 15. Be2 Qg6 16. 0-0 Bh3 17. Bf3 Be6 18. c5 a4 19. Qc3 Bb3 20. Rde1 Rad8 21. Qb4 b6 22. e5 Qh6 23. g3 Qd2 24. Qh4 Qxb2 25. Bc6 Rf8 26. f4 Qd4+ 27. Kh1 Qxc5 28. Be4 h6 29. Qg4 Bd5 30. f5 Bxe4+ 31. Qxe4 Rd4 32. Qe3 Qd5+ 33. Kg1 Rd3 34. Qe4 Qxe4 35. Rxe4 Rxa3 36. Rc1 c5 37. e6 fxe6 38. fxe6 Re8 39. Rd1 Re7 40. Rd8+ Kh7 41. Rd7 Rxd7 42. exd7 Rd3 43. Rxa4 Rxd7 44. Kf2 b5 45. Ra5 Rb7 46. Ke3 Kg6 47. Kd3 Kg5 48. Ra6 h5 49. Kc3 Kg4 50. Rc6 c4 51. Rg6+ Kh3 52. Rg5 b4+ 53. Kxc4 b3 54. Rxh5+ Kg2 55. Ra5 b2 56. Ra2 Kg1 0-1

[Event "Titled Tuesday intern op 6th Aug"]
[Site "Chess.com INT"]
[Date "2019.08.06"]
[Round "5"]
[White "Aitbayev, Aslan"]
[Black "Heineccius, August"]
[Result "0-1"]
[WhiteElo "2454"]
[BlackElo "2546"]
[PlyCount "84"]
[EventDate "2019.08.06"]
[EventType "swiss (blitz)"]
[EventRounds "10"]
[EventCountry "USA"]
[SourceTitle "EXT 2021"]
[Source "ChessBase"]
[SourceDate "2020.10.23"]
[SourceVersion "1"]
[SourceVersionDate "2020.10.23"]
[SourceQuality "1"]

1. e4 c5 2. Nf3 e6 3. g3 d5 4. exd5 Qxd5 5. Bg2 Nc6 6. 0-0 Qd7 7. d3 Nf6 8. Nbd2 Be7 9. Nc4 0-0 10. a4 Nd5 11. a5 Rb8 12. Re1 b5 13. axb6 axb6 14. Bd2 Qc7 15. Nce5 Bb7 16. Nxc6 Bxc6 17. Ne5 Bb7 18. Qg4 Nf6 19. Qe2 Bxg2 20. Kxg2 Ra8 21. Qf3 Rxa1 22. Rxa1 Qxe5 23. Ra7 Qd6 24. Qb7 Bd8 25. f3 Qe5 26. Bc3 Qe2+ 27. Kg1 Nd5 28. Ra1 Ne3 29. f4 Ng4 30. Qg2 Qxg2+ 31. Kxg2 Ne3+ 32. Kf3 Nxc2 33. Ra7 Bf6 34. Rb7 Nd4+ 35. Kf2 Rd8 36. Rxb6 g5 37. fxg5 Bxg5 38. Rb7 Bf6 39. Ba5 Rd5 40. g4 h5 41. h3 Kg7 42. Bc3 h4 0-1

[Event "Titled Tuesday intern op 2nd July"]
[Site "Chess.com INT"]
[Date "2019.07.02"]
[Round "7"]
[White "Heineccius, August"]
[Black "Kalezic, Blazo"]
[Result "1-0"]
[WhiteElo "2544"]
[BlackElo "2454"]
[PlyCount "103"]
[EventDate "2019.07.02"]
[EventType "swiss (blitz)"]
[EventRounds "10"]
[EventCountry "USA"]
[SourceTitle "EXT 2021"]
[Source "ChessBase"]
[SourceDate "2020.10.23"]
[SourceVersion "1"]
[SourceVersionDate "2020.10.23"]
[SourceQuality "1"]

1. d4 c5 2. d5 e5 3. e4 d6 4. Bb5+ Nd7 5. a4 Be7 6. Nf3 Ngf6 7. Nc3 a6 8. Be2 b6 9. Nd2 0-0 10. 0-0 Ne8 11. Nc4 Rb8 12. Ne3 g6 13. Rb1 Bg5 14. g3 f5 15. exf5 gxf5 16. f4 exf4 17. gxf4 Bf6 18. Bd3 Ng7 19. Kh1 Bxc3 20. bxc3 Nf6 21. c4 Ng4 22. Nxg4 fxg4 23. Bb2 Qh4 24. Qe1 Qh6 25. Qc3 Bf5 26. Rbe1 Rb7 27. Rg1 Bxd3 28. cxd3 Qxf4 29. Rg3 h5 30. Reg1 b5 31. axb5 axb5 32. cxb5 Qg5 33. Qc4 Rf4 34. Qa2 Qe7 35. Bc1 Rf7 36. Re3 Qh4 37. Qe2 Rf2 38. Re8+ Kh7 39. Qe4+ Nf5 40. Bf4 Qf6 41. Re6 Qf7 42. Bg3 Rf3 43. Bxd6 Kg7 44. Qxf3 Nxd6 45. Qe3 Nf5 46. Qe5+ Kh7 47. Rf6 Ng3+ 48. hxg3 Qd7 49. Qxh5+ Kg8 50. Rg6+ Kf8 51. Qh8+ Ke7 52. Qf6+ 1-0

[Event "Titled Tuesday intern op 2nd July"]
[Site "Chess.com INT"]
[Date "2019.07.02"]
[Round "9"]
[White "Heineccius, August"]
[Black "Moiseenko, Alexander"]
[Result "0-1"]
[WhiteElo "2546"]
[BlackElo "2628"]
[PlyCount "78"]
[EventDate "2019.07.02"]
[EventType "swiss (blitz)"]
[EventRounds "10"]
[EventCountry "USA"]
[SourceTitle "EXT 2021"]
[Source "ChessBase"]
[SourceDate "2020.10.23"]
[SourceVersion "1"]
[SourceVersionDate "2020.10.23"]
[SourceQuality "1"]

1. d4 Nf6 2. c4 e6 3. Nc3 Bb4 4. g3 d5 5. Bg2 0-0 6. Nf3 dxc4 7. 0-0 Nc6 8. Qa4 Nd5 9. Qc2 Be7 10. Rd1 Rb8 11. e4 Ncb4 12. Qe2 Nxc3 13. bxc3 Nd3 14. Ne5 Nxc1 15. Raxc1 c5 16. d5 exd5 17. exd5 Bf6 18. Nxc4 Re8 19. Qd3 b5 20. Ne3 b4 21. cxb4 cxb4 22. d6 Bd7 23. Rc7 a5 24. Bd5 a4 25. Qc4 Rf8 26. Qa6 b3 27. axb3 axb3 28. Qa7 Be6 29. Nc4 Bxd5 30. Rxd5 b2 31. Nxb2 Rxb2 32. d7 Qe7 33. Qa4 Qe1+ 34. Kg2 Qxf2+ 35. Kh3 Qxh2+ 36. Kg4 Qe2+ 37. Kh3 Qe6+ 38. Qg4 Qxd5 39. Rc8 Qh1# 0-1

[Event "Titled Tuesday intern op 2nd July"]
[Site "Chess.com INT"]
[Date "2019.07.02"]
[Round "6"]
[White "Heineccius, August"]
[Black "Seul, Georg"]
[Result "1-0"]
[WhiteElo "2532"]
[BlackElo "2422"]
[PlyCount "99"]
[EventDate "2019.07.02"]
[EventType "swiss (blitz)"]
[EventRounds "10"]
[EventCountry "USA"]
[SourceTitle "EXT 2021"]
[Source "ChessBase"]
[SourceDate "2020.10.23"]
[SourceVersion "1"]
[SourceVersionDate "2020.10.23"]
[SourceQuality "1"]

1. d4 Nf6 2. c4 e6 3. Nc3 Bb4 4. g3 c5 5. Nf3 Bxc3+ 6. bxc3 Qa5 7. Bg2 Qxc3+ 8. Bd2 Qxc4 9. 0-0 0-0 10. Bf4 d5 11. Bd6 Re8 12. Bxc5 Nbd7 13. Bd6 b6 14. Re1 Ne4 15. Bf4 Ba6 16. Bf1 Qc6 17. Rc1 Bc4 18. Nd2 Nxd2 19. Qxd2 b5 20. a3 Rec8 21. Bg2 a5 22. e4 Nf6 23. e5 Ne4 24. Bxe4 dxe4 25. Bg5 Qb7 26. Qf4 Bd5 27. Rb1 h6 28. Bf6 Kf8 29. Qh4 gxf6 30. exf6 Ke8 31. Qxh6 Kd7 32. h4 Kc6 33. Qf4 Kb6 34. Rxb5+ Kxb5 35. Rb1+ Ka6 36. Rxb7 Kxb7 37. Qd6 Rc7 38. h5 Rh8 39. Qe5 a4 40. g4 Rc3 41. Qd6 Rg8 42. Qb4+ Kc6 43. Qxc3+ Kd7 44. Qg3 e5 45. dxe5 Be6 46. g5 Bf5 47. Qf4 Ke6 48. Kh2 Rh8 49. h6 Rc8 50. Qd2 1-0

[Event "Titled Tuesday intern op 2nd July"]
[Site "Chess.com INT"]
[Date "2019.07.02"]
[Round "10"]
[White "Reshetnikov, Alexey"]
[Black "Heineccius, August"]
[Result "1-0"]
[WhiteElo "2492"]
[BlackElo "2542"]
[PlyCount "61"]
[EventDate "2019.07.02"]
[EventType "swiss (blitz)"]
[EventRounds "10"]
[EventCountry "USA"]
[SourceTitle "EXT 2021"]
[Source "ChessBase"]
[SourceDate "2020.10.23"]
[SourceVersion "1"]
[SourceVersionDate "2020.10.23"]
[SourceQuality "1"]

1. d4 Nf6 2. c4 e6 3. Nc3 Bb4 4. Bg5 c5 5. d5 d6 6. Qc2 Qe7 7. 0-0-0 Bxc3 8. Qxc3 Ne4 9. Bxe7 Nxc3 10. bxc3 Kxe7 11. g3 Nd7 12. e4 Nb6 13. Bd3 f6 14. f3 Bd7 15. Ne2 g5 16. h4 Rag8 17. Kd2 Rg7 18. Rb1 e5 19. hxg5 fxg5 20. Rh6 Rf8 21. Ke3 Rf6 22. Rbh1 Be8 23. Rxh7 Rff7 24. Rxg7 Rxg7 25. Rh8 Na4 26. Bc2 Nb2 27. Bb3 a5 28. a3 a4 29. Ba2 Nd1+ 30. Kd2 Nf2 31. Rh2 1-0

[Event "Titled Tuesday intern op 7th May"]
[Site "Chess.com INT"]
[Date "2019.05.07"]
[Round "6"]
[White "Heineccius, August"]
[Black "Zivkovic, Ivan B"]
[Result "1-0"]
[WhiteElo "2500"]
[BlackElo "2351"]
[PlyCount "41"]
[EventDate "2019.05.07"]
[EventType "swiss (blitz)"]
[EventRounds "10"]
[EventCountry "USA"]
[SourceTitle "EXT 2021"]
[Source "ChessBase"]
[SourceDate "2020.10.23"]
[SourceVersion "1"]
[SourceVersionDate "2020.10.23"]
[SourceQuality "1"]

1. d4 Nf6 2. c4 e6 3. Nc3 Bb4 4. g3 c5 5. Nf3 cxd4 6. Nxd4 Qa5 7. Qc2 Ne4 8. Bg2 Nxc3 9. 0-0 Na4 10. a3 Be7 11. Nb5 Na6 12. b4 Qd8 13. Qxa4 0-0 14. c5 Nc7 15. Nd6 Bxd6 16. cxd6 Nd5 17. e4 Nb6 18. Qb3 e5 19. Be3 Kh8 20. a4 Qf6 21. a5 1-0

[Event "Titled Tuesday intern op 7th May"]
[Site "Chess.com INT"]
[Date "2019.05.07"]
[Round "1"]
[White "Steenbekkers, Larissa"]
[Black "Heineccius, August"]
[Result "0-1"]
[WhiteElo "1975"]
[BlackElo "2510"]
[PlyCount "76"]
[EventDate "2019.05.07"]
[EventType "swiss (blitz)"]
[EventRounds "10"]
[EventCountry "USA"]
[SourceTitle "EXT 2021"]
[Source "ChessBase"]
[SourceDate "2020.10.23"]
[SourceVersion "1"]
[SourceVersionDate "2020.10.23"]
[SourceQuality "1"]

1. e4 c5 2. Nf3 e6 3. d4 cxd4 4. Nxd4 a6 5. Nc3 Qc7 6. g3 Bb4 7. Bd2 Nf6 8. Bg2 Nc6 9. Nb3 Be7 10. 0-0 d6 11. Re1 b5 12. Nd5 exd5 13. exd5 Ne5 14. f4 Nc4 15. Bc3 0-0 16. Nd4 Ng4 17. Nc6 Bf6 18. h3 Qb6+ 19. Bd4 Bxd4+ 20. Nxd4 Nge3 21. Qd3 Nxc2 22. Qxc2 Qxd4+ 23. Kh2 Ne3 24. Qe2 Nxg2 25. Qxg2 Bb7 26. Rad1 Qf6 27. Qf3 Rac8 28. g4 Rc4 29. f5 h6 30. Re2 Rfc8 31. Rdd2 Rd4 32. Rxd4 Qxd4 33. Re7 Rc2+ 34. Kg3 Bxd5 35. Re8+ Kh7 36. Qf1 Rg2+ 37. Kh4 Qf6+ 38. Kh5 Qg5# 0-1

[Event "Titled Tuesday intern op 7th May"]
[Site "Chess.com INT"]
[Date "2019.05.07"]
[Round "10"]
[White "Veiga, Jose Francisco RP"]
[Black "Heineccius, August"]
[Result "1-0"]
[WhiteElo "2337"]
[BlackElo "2444"]
[PlyCount "85"]
[EventDate "2019.05.07"]
[EventType "swiss (blitz)"]
[EventRounds "10"]
[EventCountry "USA"]
[SourceTitle "EXT 2021"]
[Source "ChessBase"]
[SourceDate "2020.10.23"]
[SourceVersion "1"]
[SourceVersionDate "2020.10.23"]
[SourceQuality "1"]

1. e4 c5 2. Nf3 e6 3. d4 cxd4 4. Nxd4 a6 5. Bd3 Bc5 6. Nb3 Be7 7. Qg4 g6 8. Qe2 d6 9. 0-0 Nd7 10. Nc3 Qc7 11. a4 b6 12. Be3 Bb7 13. f3 Ngf6 14. Bh6 Bf8 15. Qd2 Ne5 16. Rfe1 Bxh6 17. Qxh6 Qe7 18. Be2 Qf8 19. Qe3 Ned7 20. a5 b5 21. Rad1 Qe7 22. Qd4 Nc5 23. Qxd6 Qxd6 24. Rxd6 Nxb3 25. cxb3 Ke7 26. e5 Nd5 27. Rc1 Nf4 28. Bf1 Rhc8 29. Rb6 Bc6 30. g3 Nh5 31. f4 Kd7 32. Na2 Bd5 33. Rd6+ Ke7 34. Rxc8 Rxc8 35. Rxa6 Rc2 36. Nb4 Rxb2 37. Ra7+ Kf8 38. Nxd5 exd5 39. a6 Ra2 40. Bxb5 g5 41. Rb7 gxf4 42. g4 Ng7 43. a7 1-0

[Event "Titled Tuesday intern op 2nd April"]
[Site "Chess.com INT"]
[Date "2019.04.02"]
[Round "6"]
[White "Heineccius, August"]
[Black "Medvegy, Zoltan"]
[Result "1-0"]
[WhiteElo "2504"]
[BlackElo "2544"]
[PlyCount "53"]
[EventDate "2019.04.02"]
[EventType "swiss (blitz)"]
[EventRounds "10"]
[EventCountry "USA"]
[SourceTitle "EXT 2021"]
[Source "ChessBase"]
[SourceDate "2020.10.23"]
[SourceVersion "1"]
[SourceVersionDate "2020.10.23"]
[SourceQuality "1"]

1. d4 e6 2. c4 f5 3. g3 Nf6 4. Bg2 c6 5. Nf3 d5 6. 0-0 Bd6 7. Nc3 0-0 8. Qc2 Ne4 9. Rb1 Qe7 10. b4 Bxb4 11. Nxe4 fxe4 12. Bg5 Qd6 13. c5 Qc7 14. Ne5 Na6 15. Bf4 Qe7 16. f3 exf3 17. Rxf3 Ba5 18. Rbf1 Bd7 19. Bh3 Bc7 20. e4 Bxe5 21. Bxe5 Rxf3 22. Rxf3 Re8 23. Bd6 Qg5 24. Qf2 h6 25. e5 Nb4 26. Bf1 Kh7 27. a3 1-0

[Event "Titled Tuesday intern op 2nd April"]
[Site "Chess.com INT"]
[Date "2019.04.02"]
[Round "2"]
[White "Nikolovski, Nikola"]
[Black "Heineccius, August"]
[Result "1-0"]
[WhiteElo "2391"]
[BlackElo "2497"]
[PlyCount "37"]
[EventDate "2019.04.02"]
[EventType "swiss (blitz)"]
[EventRounds "10"]
[EventCountry "USA"]
[SourceTitle "EXT 2021"]
[Source "ChessBase"]
[SourceDate "2020.10.23"]
[SourceVersion "1"]
[SourceVersionDate "2020.10.23"]
[SourceQuality "1"]

1. e4 c5 2. Nc3 a6 3. f4 e6 4. g3 d5 5. Bg2 Nf6 6. d3 Nc6 7. Nf3 Be7 8. 0-0 b5 9. Qe2 0-0 10. e5 Nd7 11. g4 Qc7 12. Bd2 Re8 13. Rae1 b4 14. Nd1 f6 15. exf6 Bxf6 16. Kh1 Nf8 17. Ne3 Nd4 18. Nxd4 cxd4 19. Nxd5 1-0